Аренда и лизинг: Определение. Общие понятия. Бухгалтерский учет и оформление

ग्रंथसूची विवरण
भाषा:रूसी
प्रकाशित: Москва, Филинъ, 1997
श्रृंखला:Бухгалтерский учет сегодня. Основные средства
विषय:
स्वरूप: पुस्तक
KOHA link:https://koha.lib.tpu.ru/cgi-bin/koha/opac-detail.pl?biblionumber=3935

MARC

LEADER 00000nam0a2200000 4500
001 3935
005 20231101204336.0
010 |a 5900855678 
035 |a (RuTPU)RU\TPU\book\3958 
035 |a BOOK00003968 
090 |a 3935 
100 |a 20011209d1996 m y0rusy50 ca 
101 0 |a rus 
102 |a RU 
105 |a y z 000zy 
200 1 |a Аренда и лизинг  |e Определение. Общие понятия. Бухгалтерский учет и оформление 
210 |a Москва  |c Филинъ  |d 1997 
215 |a 176 с. 
225 1 |a Бухгалтерский учет сегодня. Основные средства 
606 |a Лизинг  |2 stltpush  |3 (RuTPU)RU\TPU\subj\36354  |9 57767 
606 |a Аренда  |2 stltpush  |3 (RuTPU)RU\TPU\subj\35854  |9 57421 
610 1 |a экономика 
610 1 |a финансы 
686 |a У9(2)262.4  |2 rubbk 
801 0 |a RU  |b 63413507  |c 20011209  |g PSBO 
801 2 |a RU  |b 63413507  |c 20180109  |g PSBO 
942 |c BK